The storyteller / (Record no. 83164)

MARC details
000 -LEADER
campo de control de longitud fija 00858cam a22002534a 4500
001 - NÚMERO DE CONTROL
campo de control 107268
005 - FECHA Y HORA DE LA ÚLTIMA TRANSACCIÓN
campo de control 20230410130935.0
008 - DATOS DE LONGITUD FIJA--INFORMACIÓN GENERAL
campo de control de longitud fija 010913s1989 nyu 000 1 eng
035 ## - NÚMERO DE CONTROL DEL SISTEMA
Número de control de sistema 12533307
020 ## - NÚMERO INTERNACIONAL ESTÁNDAR DEL LIBRO
Número Internacional Estándar del Libro 0312420285
040 ## - FUENTE DE CATALOGACIÓN
Centro catalogador/agencia de origen DLC
Centro/agencia transcriptor DLC
Centro/agencia modificador DLC
041 1# - CÓDIGO DE IDIOMA
Código de lengua del texto/banda sonora o título independiente eng
Código de lengua original spa
050 14 - SIGNATURA TOPOGRÁFICA DE LA BIBLIOTECA DEL CONGRESO
Número de clasificación PQ 8498.32
Número de ítem V297s 1989
082 00 - NÚMERO DE LA CLASIFICACIÓN DECIMAL DEWEY
Número de clasificación 863/.64
100 1# - ENTRADA PRINCIPAL--NOMBRE DE PERSONA
Nombre de persona Vargas Llosa, Mario,
Fechas asociadas al nombre 1936-
240 10 - TÍTULO UNIFORME
Título uniforme Hablador.
Lenguaje de la obra English
245 14 - MENCIÓN DEL TÍTULO
Título The storyteller /
Mención de responsabilidad, etc. Mario Vargas Llosa ; translated by Helen Lane.
260 ## - PUBLICACIÓN, DISTRIBUCIÓN, ETC.
Lugar de publicación, distribución, etc. New York :
Nombre del editor, distribuidor, etc. Picador; Farrar, Straus and Giroux ,
Fecha de publicación, distribución, etc. [1989?].
300 ## - DESCRIPCIÓN FÍSICA
Extensión 245 p. ;
Dimensiones 21 cm.
700 1# - ENTRADA AGREGADA--NOMBRE PERSONAL
Nombre de persona Lane, Helen R.
856 42 - LOCALIZACIÓN Y ACCESO ELECTRÓNICOS
Materiales especificados Contributor biographical information
Identificador Uniforme de Recursos <a href="http://www.loc.gov/catdir/bios/hol054/2001038745.html">http://www.loc.gov/catdir/bios/hol054/2001038745.html</a>
856 42 - LOCALIZACIÓN Y ACCESO ELECTRÓNICOS
Materiales especificados Publisher description
Identificador Uniforme de Recursos <a href="http://www.loc.gov/catdir/description/hol042/2001038745.html">http://www.loc.gov/catdir/description/hol042/2001038745.html</a>
942 ## - ELEMENTOS DE ENTRADA SECUNDARIOS (KOHA)
Fuente del sistema de clasificación o colocación Clasificación de Library of Congress
Tipo de ítem Koha
Holdings
Estatus retirado Estado de pérdida Fuente del sistema de clasificación o colocación Estado de daño No para préstamo Colección Biblioteca de origen Biblioteca actual Ubicación en estantería Fecha de adquisición Serial enumeration / chronology Signatura topográfica completa Código de barras Visto por última vez Copia número Tipo de ítem Koha
    Clasificación de Library of Congress     Humanidades Biblioteca Juan Bosch Biblioteca Juan Bosch Humanidades (4to. Piso) 10/04/2023 1 PQ 8498.32 V297s 1989 00000100175 25/10/2018 1